000 00953nam a2200277Ia 4500
003 OSt
005 20221005061859.0
006 a|||||r|||| 00| 0
007 ta
008 221004b |||||||| |||| 00| 0 eng d
020 _a9781138851184 (hbk)
_cUKP 95.00
024 _a33295
037 _bBBS/49, 01/03/2017, Better Book Service
_cTextual
040 _aCRL
_cCRL
_beng
041 _2eng
_aeng
082 _aV2:1941, Q6
100 _aKonig Lion Ed.
_9459574
245 0 _aPolitics of the 'other' in India and China
_b Western concepts in non-Western contexts
260 _aLondon
_bRoutledge UK
_c2016
300 _axxvii,257p.
_ccm.
490 _aRoutledge contemporary Asia series
650 _aINDIA - FOREIGN RELATIONS
_928675
700 _a Chaudhuri Bidisha Ed.
_9479824
942 _hV2:1941, Q6
_cTEXL
_2cc
999 _c968878
_d968878